Wymień wszystkie kraje alpejskie - Sudden Death - Statystyki

Ogólne statystyki
  • Ten quiz został rozwiązany 53 razy
  • Średni wynik to 7 z 8
Answers on the Grid
Answers color-coded by a green-red scale on the quiz's grid according to % correct below.
Czechy
Włochy
Monako
San Marino
Niemcy
Andora
Słowacja
Francja
Austria
Liechtenstein
Rumunia
Chorwacja
Słowenia
Szwajcaria
 
Statystyki odpowiedzi
Odpowiedź % Poprawnych
Austria
100%
Niemcy
100%
Włochy
100%
Francja
88%
Słowenia
88%
Szwajcaria
88%
Liechtenstein
75%
Monako
38%
Nie znaleziono quizów pasujących do podanych kryteriów
Rozkład punktacji
Procent ludzi z każdym wynikiem
Percentyl według liczby udzielonych odpowiedzi
Twoja historia wyników
Nie rozwiązałeś tego quizu